00340nam a2200109 i 4500001000300000245005300003260001900056040000800075041000800083008004100091856009800132bg 0aXVI Międzyuczelniana Konferencja metrologów. aLublin,c1983. cBPK apol s pl f |000 0 pol  uhttp://koha.tu.koszalin.pl/cgi-bin/koha/opac-detail.pl?biblionumber=28019yKatalog online BPK